Top 10 Solar Power Countries - Statistics

General Stats
  • This quiz has been taken 60,100 times
    18,263 since last reset
  • The average score is 8 of 10
Answer Stats
GW Change 2016-20 Change 2021-22 Country % Correct
113.0 +88% +50% United States
98%
393.0 +226% +55% China
95%
66.6 +30% +24% Germany
81%
78.8 +57% +18% Japan
81%
63.1 +335% +61% India
80%
26.8 +199% +52% Australia
78%
24.1 +3941% +206% Brazil
77%
25.1 +12% +16% Italy
72%
21.0 +235% +44% South Korea
60%
22.6 +386% +121% Netherlands
33%
No matching quizzes found
Score Distribution
Percent of People with Each Score
Percentile by Number Answered
Your Score History
You have not taken this quiz since the last reset